000 00852nam a2200265 i 4500
001 bg
100 1 _aSOBOLEWSKA, Marianna
245 1 0 _aWzorcowa dokumentacja zasad (polityki) rachunkowości /
_cMarianna Sobolewska.
260 _aWarszawa :
_b"Infor",
_c2005.
300 _a464 s. ;
_c24 cm +
_eCD-ROM.
490 1 _aBiblioteka Profesjonalistów ;
_v20
504 _aIndeks.
650 9 _aRachunkowość
_xprawo
_zPolska
_ystan na 2005 r.
650 9 _aRachunkowość
_xdokumentacja
655 _aPoradniki
830 _aBiblioteka Profesjonalistów ;
020 _a8374400269
040 _cBPK
041 0 _apol
080 _a346.52(438):657(083.1)
920 _a83-7440-026-9
942 _cKS
008 s pl f |000 0 pol
999 _c51105
_d51105
856 _uhttp://koha.tu.koszalin.pl/cgi-bin/koha/opac-detail.pl?biblionumber=51105
_yKatalog online BPK